00993nam a2200217 a 450000100100000000500170001000800410002704000130006808200180008110000350009924501460013426000890028030000210036950400410039050400740043165000410050565000720054670000320061870000270065071000980067700000477720250607073643.0090727s2002 dr 000 0 spa d aDO-SdBNP a362.22bS211s1 aSánchez Martínez, Fernando10aSalud mental en la comunidad :bguía para la acción /cFernando Sánchez Martínez, Franklín Gómez Montero ; prólogo Angela Caba. aSanto Domingo :bSecretaria de Estado de Salud Pública y Asistencia Social,c2002. a241 p. ;c23 cm. aIncluye bibliografías (p.231-241). aIncluye referencias bibliográficas y notas al pie de las páginas. 4aSalud mentalzRepública Dominicana 4aServicios de salud mental para la comunidadzRepública Dominicana1 aGómez Montero, Franklín1 aCaba, Angela,epról.1 aRepública Dominicana. b Secretaria de Estado de Salud Pública y Asistencia Social (2001)